80 mil estudiantes del CONALEP irán a alfabetizar adultos (Record no. 68360)

MARC details
000 -CABECERA
campo de control de longitud fija 00565nam a2200193 a 4500
005 - FECHA Y HORA DE LA ÚLTIMA TRANSACCIÓN
campo de control 20210219153109.0
008 - ELEMENTOS DE LONGITUD FIJA--INFORMACIÓN GENERAL
campo de control de longitud fija 991125n 000 0 u
035 ## - NÚMERO DE CONTROL DEL SISTEMA
Número de control de sistema UPN01000077896
222 ## - TÍTULO CLAVE
Título clave COMUNICACION EDUCATIVA SEP
245 ## - MENCIÓN DE TÍTULO
Título 80 mil estudiantes del CONALEP irán a alfabetizar adultos
300 ## - DESCRIPCIÓN FÍSICA
Extensión 3
362 ## - FECHAS DE PUBLICACIÓN Y/O DESIGNACIÓN SECUENCIAL
Fecha de publicación y/o designación secuencial 1987 Año 5, no. 47, ago.
653 0# - TERMINO DE INDIZACION - NO CONTROLADO
Término no controlado ALFABETIZACION
653 0# - TERMINO DE INDIZACION - NO CONTROLADO
Término no controlado ALUMNOS
653 0# - TERMINO DE INDIZACION - NO CONTROLADO
Término no controlado COLEGIO NACIONAL DE EDUCACION PROFESIONAL TECNICA (MEXICO)
653 0# - TERMINO DE INDIZACION - NO CONTROLADO
Término no controlado EDUCACION DE ADULTOS
904 ## - ELEMENTOS DE DATOS D LOCAL, LDD (RLIN)
a AC
b 015707
905 ## - TIPO DE MATERIAL
Tipo de material Articulo

No items available.